000 00438cam a22001934a 4500
005 20250605164326.0
008 250528s ||||||||||||||||||||||||d
035 _a23058
020 _a9780789716064
040 _aGR-AtMCL
_bgre
_dGR-AtMCL
_eAACR2
245 1 _aUSING ACCESS 2000
250 _a1
260 _bQue,
_c2000
300 _a1296
700 1 _aJennigs Roger
_98626
942 _cBK
999 _c8098
_d8098